Logan (2017): Characters by Picture - Statistics

General Stats
  • This quiz has been taken 28 times
  • The average score is 5 of 10
Answer Stats
Picture Answer % Correct
Logan
100%
Charles Xavier
92%
Laura
84%
X-24
48%
Caliban
44%
Donald Pierce
36%
Julio Richter
36%
Zander Rice
32%
Gabriela Lopez
28%
Bobby
20%
No matching quizzes found
Score Distribution
Percent of People with Each Score
Percentile by Number Answered
Your Score History
You have not taken this quiz